000 03783cam a2200337 4500500
005 20260111145821.0
041 _afre
042 _adc
100 1 0 _aToundassaki, Irini
_eauthor
700 1 0 _aCaftantzoglou, Roxani
_eauthor
245 0 0 _aNarrations de l'identité culturelle grecque
260 _c2005.
500 _a88
520 _aRésuméCet article s’intéresse à la création des trois musées nationaux d’Athènes, dans le contexte particulier d’émergence d’une identité nationale néo-hellénique. Ces musées – le Musée archéologique national, le Musée byzantin et chrétien et le musée d’Art populaire grec – sont abordés ici en tant qu’institutions relayant le projet national. Ils ont été chargés d’élaborer et de diffuser la continuité historique de la nation, de l’Antiquité aux Temps modernes, et son unicité. C’est dans ce contexte que les musées nationaux utiliseront les sciences (archéologie, histoire et laographie, ou folklore grec) pour renforcer leur objectif. La politique de chacun d’eux illustre parfaitement la volonté nationale d’occulter les questions de discontinuité et d’altérité. Les auteurs ont pris soin de faire figurer, en fin d’article, les résultats d’une enquête effectuée auprès d’un échantillon de visiteurs, sur la manière dont ils perçoivent ces trois musées.
520 _aThis article is concerned with the creation of the three national museums of Athens in the particuliar context of an emerging modern Greek national identity. These museums – the National Archaeological Museum, the Byzantine and Christian Museum and the Museum of Greek Folk Art – are studied here as institutions that carry on the national project. They have to elaborate and diffuse the historical continuity of the nation from ancient to modern times and its unicity, too. It is in this context that national museums use sciences (archaeology, history and folklore science) to support their objective. Their own policies perfectly illustrate the national will to hide problems of discontinuity and alterity. Lastly the authors present the results of a study made on a sample of visitors in order to determine how they perceived these three museums.
520 _aZusammenfassungDieser Artikel befasst sich mit der Schöpfung der drei Nationalmuseen Athens in dem besonderen Kontext einer auftauchenden neuhellenischen nationalen Identität. Diese Museen – das archaeologische Nationalmuseum, das byzantinische Museum und das Museum für griechische Volkskunst – werden hier als Institutionen betrachtet, die das nationale Projekt fortführen. Sie sollen die historische Kontinuität der Nation vom Altertum bis zur Neuzeit sowie ihre Einzigartigkeit ausarbeiten und verbreiten. Es ist in diesem Kontext, dass die Nationalmuseen Wissenschaften (Archäologie, Geschichte und « Laographie » oder Ethnographie des griechischen Volks) benutzen, um ihr Ziel zu unterstützen. Ihre einzelne Politik illustriert vollkommen den nationalen Willen, die Fragen der Diskontinuität und Alterität zu verdecken. Schliesslich geben die Autorinen die Ergebnisse einer bei Besuchern durchgeführten Umfrage zu der Weise wie sie diese drei Museen wahrnehmen.
690 _aarchéologie
690 _afolklore grec
690 _ahistoire
690 _aidentité nationale
690 _aidéologie
690 _amusées
690 _aarchaeology
690 _agreek folklore
690 _ahistory
690 _aideology
690 _amuseums
690 _anational identity
786 0 _nEthnologie française | 35 | 2 | 2005-06-01 | p. 229-242 | 0046-2616
856 4 1 _uhttps://shs.cairn.info/revue-ethnologie-francaise-2005-2-page-229?lang=fr&redirect-ssocas=7080
999 _c1636519
_d1636519